Production of Self-Defense Spray in Binangonan, Rizal | (Record no. 86879)
[ view plain ]
| 000 -LEADER | |
|---|---|
| fixed length control field | 00936nam a22001697a 4500 |
| 003 - CONTROL NUMBER IDENTIFIER | |
| control field | URS |
| 005 - DATE AND TIME OF LATEST TRANSACTION | |
| control field | 20250916124920.0 |
| 008 - FIXED-LENGTH DATA ELEMENTS--GENERAL INFORMATION | |
| fixed length control field | 250916b |||||||| |||| 00| 0 eng d |
| 100 ## - MAIN ENTRY--PERSONAL NAME | |
| Personal name | Arabit, Almira P. |
| 245 ## - TITLE STATEMENT | |
| Title | <a href="Production of Self-Defense Spray in Binangonan, Rizal |">Production of Self-Defense Spray in Binangonan, Rizal |</a> |
| Statement of responsibility, etc | Almira P. Arabit, Mikko V. Cariaga, Sean Alberth Z. Corral |
| 260 ## - PUBLICATION, DISTRIBUTION, ETC. (IMPRINT) | |
| Date of publication, distribution, etc | 2025 |
| 300 ## - PHYSICAL DESCRIPTION | |
| Extent | xiv, 147 pages. |
| 502 ## - DISSERTATION NOTE | |
| Dissertation note | Feasibility Study |
| Degree type | Bachelor of Science in Accountancy |
| Name of granting institution | University of Rizal System |
| Year degree granted | 2025 |
| 520 ## - SUMMARY, ETC. | |
| Summary, etc | The study aimed to assess the feasibility of producing self-defense spray in Binangonan, Rizal. The proposed business, Paviza, will operate as a sole proprietorship specializing in the production and sale of a self-defense spray. This spray is designed to serve as a personal safety tool, offering an effective and affordable alternative to conventional self-defense products. |
| 700 ## - ADDED ENTRY--PERSONAL NAME | |
| Personal name | Susan D. Cadiente |
| Relator term | Adviser |
| 942 ## - ADDED ENTRY ELEMENTS (KOHA) | |
| Source of classification or shelving scheme | Library of Congress Classification |
| Koha item type | Theses and dissertations |
| Withdrawn status | Source of classification or shelving scheme | Damaged status | Not for loan | Home library | Current library | Date acquired | Total Checkouts | Barcode | Date last seen | Price effective from | Koha item type |
|---|---|---|---|---|---|---|---|---|---|---|---|
| Library of Congress Classification | Binangonan College Library | Binangonan College Library | 09/16/2025 | URSBIN-UGT3505 | 09/16/2025 | 09/16/2025 | Theses and dissertations |